=LDR 00000nam 2200000 4500 =001 INLIS000000000057419 =005 20210105101317 =035 ##$$a 0010-0121000009 =007 ta =008 210105###########################0#ind## =020 ##$$a 978-979-22-9894-9 =082 ##$$a 305.8 =084 ##$$a 305.8 Adr k =245 1#$$a Kompromi dua hati : $b bersama pasangan menikmati perkawinan bahagia /$c Adriana S.Ginanjar =300 ##$$a 174 halaman : $b Ilustrasi ; $c 21 cm =650 #4$$a Perkawinan =264 ##$$a jakarta :$b Gramedia pustaka utama,$c 2013 =336 ##$$a teks$2 rdacontent =337 ##$$a lain-lain$2 rdamedia =338 ##$$a lain-lain$2 rdacarrier =990 ##$$a 00110011